| 000 | 00525nam a22001937a 4500 | ||
|---|---|---|---|
| 003 | OSt | ||
| 005 | 20140310182845.0 | ||
| 008 | 130611t xxu||||| |||| 00| 0 eng d | ||
| 050 |
_aGV 461 _b.J12 1999 |
||
| 082 |
_aM 796 _bJ13 1999 |
||
| 245 |
_aGymnastic : _bskills and games / _cJackman, Joan |
||
| 260 |
_aLondon : _bAITBS Publisher and Distributors, _c1999 |
||
| 300 |
_a128 p. : _bill. ; _c24 cm. |
||
| 521 | _aCollege Students | ||
| 526 | _c1210L-1700L | ||
| 541 | _j1 | ||
| 562 | _e1 | ||
| 942 |
_2lcc _cBK _kM |
||
| 999 |
_c16910 _d16910 |
||